LIBRARY & INFORMATION CENTRE, KCAET, TAVANUR

ONLINE PUBLIC ACCESS CATALOGUE (OPAC)

Industrial Processing of Fruits and Vegetables (Record no. 14515)

MARC details
000 -LEADER
fixed length control field 00375nam a22001337a 4500
020 ## - INTERNATIONAL STANDARD BOOK NUMBER
ISBN 9788170358138
082 ## - DEWEY DECIMAL CLASSIFICATION NUMBER
Classification number 664
Item number CHA/IN
100 ## - MAIN ENTRY--AUTHOR NAME
Personal name Chavan,U.D
100 ## - MAIN ENTRY--AUTHOR NAME
Personal name Patil,J.V
245 ## - TITLE STATEMENT
Title Industrial Processing of Fruits and Vegetables
260 ## - PUBLICATION, DISTRIBUTION, ETC. (IMPRINT)
Place of publication New Delhi
Name of publisher Daya Publishing House A Division of Astral International Pvt.Ltd
Year of publication 2013
300 ## - PHYSICAL DESCRIPTION
Number of Pages 570
942 ## - ADDED ENTRY ELEMENTS (KOHA)
Koha item type Books
Holdings
Withdrawn status Lost status Damaged status Collection code Home library Current library Shelving location Date acquired Source of acquisition Cost, normal purchase price Full call number Accession Number Koha item type
        KAUAET KAUAET General Stacks 13/07/2016 Ganesh Book Centre, Trivandrum 2600.00 664 CHA/IN 24594 Books
      Non-fiction KAUAET KAUAET General Stacks 21/05/2019   2600.00 664 CHA/IN 25830 Books
free website counter